|
|
|
|
| LEADER |
00740naa a2200169 i 4500 |
| 001 |
acta34309 |
| 005 |
20200402100617.0 |
| 008 |
161017s1926 hu o 0|| hun d |
| 040 |
|
|
|a SZTE Egyetemi Kiadványok Repozitórium
|b hun
|
| 041 |
|
|
|a hun
|
| 100 |
1 |
|
|a Csengery Erzsébet
|
| 245 |
1 |
0 |
|a Horatius természetszeretete
|h [elektronikus dokumentum] /
|c Csengery Erzsébet
|
| 260 |
|
|
|c 1926
|
| 300 |
|
|
|a 47-48
|
| 490 |
0 |
|
|a A M. Kir. Ferencz József-Tudományegyetem Bölcsészeti Karán az 1920/21.-1925/26. tanévekben elfogadott doktori értekezések kivonatai és jegyzéke
|
| 695 |
|
|
|a Horatius Flaccus Quintus, Latin irodalom költészet i. e. 1. sz.
|
| 856 |
4 |
0 |
|u http://acta.bibl.u-szeged.hu/34309/1/doktori_btk_1926_047-048.pdf
|z Dokumentum-elérés
|